| 000 | 01076nam a22003617a 4500 | ||
|---|---|---|---|
| 003 | CHAP | ||
| 005 | 20220817044143.0 | ||
| 008 | 070322d2006 it rn 00110 eng d | ||
| 010 | _a93406 | ||
| 011 | _a94378 | ||
| 020 | _a9251055505 | ||
| 035 | _a104966 | ||
| 040 | _cCHAP | ||
| 082 | 0 | 4 |
_a634.9 _bF3 v.149 |
| 110 | 2 | _aFAO | |
| 245 | 1 | 0 |
_aBetter forestry, less poverty : _ba practitioner's guide _c/by FAO |
| 260 |
_aRome : _bFAO, _c2006. |
||
| 300 | _a66 p. | ||
| 490 | 0 |
_aFAO. Montes _v; 149 |
|
| 590 |
_aBATCH-UPD _b10 _c20130110 _lUCH01 _h0849 |
||
| 590 |
_aBATCH-UPD _b10 _c20130410 _lUCH01 _h0521 |
||
| 590 |
_aBATCH-UPD _b10 _c20130913 _lUCH01 _h2213 |
||
| 590 |
_aCONVERSION _b10 _c20130109 _lUCH01 _h1352 |
||
| 650 | 1 | 4 |
_aAgroforestería. _92156 |
| 650 | 1 | 4 |
_aPobreza. _989463 |
| 650 | 1 | 4 |
_aRecursos forestales _xAprovechamiento. _995030 |
| 650 | 1 | 4 |
_aSilvicultura sustentable. _9106136 |
| 830 | 0 |
_aFAO. Montes _v; 149 _939632 |
|
| 901 | _aBK | ||
| 905 | _aLilia | ||
| 942 | _cLIBRO | ||
| 949 |
_a634.9 F3 v.149 _bBC _cFAO _d33724002023496 _eFAO1 _h108507 _i104966 _sb |
||
| 999 |
_c93406 _d93406 |
||